000 00298nam a22001337a 4500
008 190225b xxu||||| |||| 00| 0 eng d
020 _a9781591940814
041 _aeng
080 _a371
100 _a25
101 _aEDU
245 _aTen Steps to Advanced Reading
_cLangan, J
942 _2udc
_cBK
999 _c54212
_d54212